Statistics for Years These Famous Wars Began

Click here to take the quiz!

General Stats

  • This quiz has been taken 58 times
  • The average score is 8 of 13

Answer Stats

HintAnswer% Correct
World War One1914
100%
World War Two1939
100%
Iraq War2003
95%
Korean War1950
85%
Yugoslav Wars1991
85%
Gulf War1990
74%
Vietnam War1955
72%
Napoleonic Wars1803
62%
Crimean War1853
44%
Madison's War1812
36%
Hundred Years War1337
18%
First Crusade1095
13%
Wars of the Roses1455
13%

Score Distribution

Percentile by Number Answered

Percent of People with Each Score

Your Score History

You have not taken this quiz